| 000 | 01844cam a22003854i 4500 | ||
|---|---|---|---|
| 003 | PE-LiUPU | ||
| 005 | 20250731184100.0 | ||
| 008 | 150623s r 000 0 d | ||
| 020 | _a9682419700 | ||
| 035 | _a(Sirsi) i9789682419706 | ||
| 040 |
_aPE-LiUPU _bspa _cPE-LiUPU _erda |
||
| 049 | _aPRUA | ||
| 082 | 0 | 4 |
_a808.53 _bR22 _221 |
| 100 | 1 |
_aRangel Hinojosa, Mónica, _eautor. |
|
| 245 | 1 | 3 |
_aEl debate y la argumentación : _bteoría, técnicas y estrategias / _cMónica Rangel Hinojosa. |
| 264 | 1 |
_aMéxico, DF : _bTrillas, _c1999. |
|
| 300 |
_a120 páginas : _bilustraciones, gráficos ; _c25 centímetros |
||
| 336 |
_atext _2rdacontent |
||
| 337 |
_aunmediated _2rdamedia |
||
| 338 |
_avolume _2rdacarrier |
||
| 504 | _aIncluye bibliografía. | ||
| 505 | 0 | _a¿Qué significa argumentar?: de los griegos hasta nuestros días, Límites y alcances. -¿Discurso racional?: características del pensamiento mítico al moderno, El paso histórico del criterio de verdad al de validez. -¿Pelear o debatir?: El habla argumentativa como proceso, procedimiento y producto. -Tipos de argumentación: Discurso teórico, práctico, estética, terapéutica y explicativo. -Un modelo para organizar las ideas. -Técnicas y estrategias argumentativas. -La presentación oral para convencer. | |
| 526 | _aP145 | ||
| 526 | _aP127 | ||
| 526 | _aP97 | ||
| 526 | _aP14 | ||
| 526 | _aP07 | ||
| 650 | 0 | 4 | _aDebates. |
| 942 |
_2ddc _cBOOK |
||
| 949 |
_a808.53 R22 _wDEWEY _c1 _i49267 _lCCODEBUL1 _mBUL _r0 _sY _tBOOK _u2015-6-24 _xEDUCACION _zUNKNOWN _0COMPRA _o.STAFF. Colección General |
||
| 994 |
_aC0 _bPEPRU |
||
| 596 | _a1 | ||
| 999 |
_a808.53 R22 _wDEWEY _c28411 _i49267 _f2021-11-5 _g5 _lCCODEBUL1 _mBUL _r0 _sY _tBOOK _u2015-6-24 _xBIBLIOTECA _zUNKNOWN _0COMPRA _o.STAFF. Colección General _d28411 |
||
| 980 |
_81 _gALBERTO SANCHEZ Responsable de Automatización |
||